000
00363nam a2200133Ia 4500
041
_a
Arabic
082
_a
341,21 cut-994 ح
100
_a
20260118u\\\\\\\\\\\y0engy0103\\\\ba
100
_a
رحمن الجبوري
245
0
_a
المبادي الاساسية لعمل المنظمات غير الحكومية
250
_a
ط1
300
_a
76
942
_c
Bk
999
_c
188625
_d
188625